Lantern Color to Emotion - Statistics

General Stats
  • This quiz has been taken 41 times
  • The average score is 8 of 9
Answer Stats
Hint Answer % Correct
Rage
94%
Fear
89%
Greed
89%
Death
83%
Hope
83%
Love
83%
Will
83%
Compassion
78%
Life
67%
No matching quizzes found
Score Distribution
Percent of People with Each Score
Percentile by Number Answered
Your Score History
You have not taken this quiz